| 000 | 02224nam2a2200277 i 4500 | ||
|---|---|---|---|
| 001 | RU\NLR\BIBL_A\010190109 | ||
| 005 | 20240728194554.0 | ||
| 010 |
_a9785880600335 _93000 |
||
| 021 |
_aRU _b2013-100792 _97001 |
||
| 035 | _a(NLR Aleph) 010190109 | ||
| 090 |
_a10193122 _c10193122 |
||
| 100 | _a20140211d2014 k y0rusy50 ca | ||
| 101 | 0 | _arus | |
| 102 | _aRU | ||
| 105 | _ay|||w||||00yy | ||
| 200 | 0 | _aТ. 3 | |
| 210 |
_d2014 _d[т.е. 2013] |
||
| 215 | _a560 с. | ||
| 300 | _aКн. фактически издана в 2013 г. | ||
| 327 | 1 | _aСодерж.: Аскетическая проповедь; Записки и очерки о состоянии Санкт-Петербургского благочиния; Дело о крестьянах помещика Страхова. В кн. также: в прил.: Вновь возрождается обитель / игум. Николай (Парамонов) | |
| 461 | 0 |
_1001RU\NLR\BIBL_A\010188865 _12000#$aПолное собрание творений святителя Игнатия Брянчанинова$eв 5 т$f[общ. ред. О.И. Шафранова]$vТ. 3 _1700#1$3RU\NLR\AUTH\771894$aИгнатий$cБрянчанинов, Дмитрий Александрович$cепископ Кавказский и Черноморский$f1807-1867 _910187713 _aИгнатий (Брянчанинов, Дмитрий Александрович ; 1807-1867) _cМосква _d2014 _e2-е изд., испр. и доп. _f[общ. ред. О.И. Шафранова] _nПаломник _oв 5 т _tПолное собрание творений святителя Игнатия Брянчанинова _vТ. 3 |
|
| 464 | 0 |
_12001#$aВновь возрождается обитель$fигум. Николай (Парамонов) _1700#0$aНиколай$cПарамонов, Василий Михайлович$cархимандрит$f1956-$3RU\NLR\AUTH\7754411 _tВновь возрождается обитель _aНиколай (архимандрит ; 1956-) |
|
| 942 | _cBOOK | ||
| 980 | _aNBR | ||